<?xml version="1.0" encoding="UTF-8"?>
<record
    xmlns:xsi="http://www.w3.org/2001/XMLSchema-instance"
    xsi:schemaLocation="http://www.loc.gov/MARC21/slim http://www.loc.gov/standards/marcxml/schema/MARC21slim.xsd"
    xmlns="http://www.loc.gov/MARC21/slim">

  <leader>01498nam a22002177a 4500</leader>
  <controlfield tag="005">20211029094553.0</controlfield>
  <controlfield tag="008">211026b           ||||| |||| 00| 0 eng d</controlfield>
  <datafield tag="020" ind1=" " ind2=" ">
    <subfield code="a">9781982181949</subfield>
  </datafield>
  <datafield tag="040" ind1=" " ind2=" ">
    <subfield code="c">Al</subfield>
  </datafield>
  <datafield tag="041" ind1=" " ind2=" ">
    <subfield code="a">Eng</subfield>
  </datafield>
  <datafield tag="082" ind1=" " ind2=" ">
    <subfield code="2">23</subfield>
    <subfield code="a">813.6</subfield>
    <subfield code="b">THOB</subfield>
  </datafield>
  <datafield tag="100" ind1=" " ind2=" ">
    <subfield code="a">Brad Thor</subfield>
    <subfield code="9">9259</subfield>
  </datafield>
  <datafield tag="245" ind1=" " ind2=" ">
    <subfield code="a">Black ice</subfield>
    <subfield code="b">A thriller</subfield>
  </datafield>
  <datafield tag="260" ind1=" " ind2=" ">
    <subfield code="a">New York</subfield>
    <subfield code="b">Emily Bestler Books</subfield>
    <subfield code="c">2021</subfield>
  </datafield>
  <datafield tag="300" ind1=" " ind2=" ">
    <subfield code="a">325p.</subfield>
    <subfield code="b">PB</subfield>
    <subfield code="c">24x15cm.</subfield>
  </datafield>
  <datafield tag="365" ind1=" " ind2=" ">
    <subfield code="a">BLCR-000062</subfield>
    <subfield code="b">&#x20B9;479.20</subfield>
    <subfield code="c">&#x20B9;</subfield>
    <subfield code="d">&#x20B9;599.00</subfield>
    <subfield code="e">20%</subfield>
    <subfield code="f">04-10-2021</subfield>
  </datafield>
  <datafield tag="521" ind1=" " ind2=" ">
    <subfield code="a">Scot Harvath is having his best summer ever. With a cottage on the fjord, a boat, and his beautiful girlfriend S&#xF8;lvi, he&#x2019;s got everything he could possibly want. But out of vacation days and long overdue back home, America&#x2019;s top spy has a decision to make&#x2014;return, or submit his resignation.
When his deadly past comes calling, though, he&#x2019;ll be left with no choice at all.
Leaving his favorite Oslo caf&#xE9;, Harvath watches as a ghost climbs out of a taxi&#x2014;a man he killed years ago, halfway around the world. How is he still alive? And what is he doing in Norway?
In a race against time that will take him high above the Arctic Circle, Harvath will be tested in ways he has never imagined and pushed to a limit few human beings could ever endure.
If he succeeds, he&#x2019;ll walk away with everything. If he fails, the United States and its allies will be at the mercy of one of the world&#x2019;s most dangerous actors.</subfield>
  </datafield>
  <datafield tag="650" ind1=" " ind2=" ">
    <subfield code="a">Fiction</subfield>
    <subfield code="9">1878</subfield>
  </datafield>
  <datafield tag="700" ind1=" " ind2=" ">
    <subfield code="a">THOR (Brad)</subfield>
    <subfield code="9">1879</subfield>
  </datafield>
  <datafield tag="942" ind1=" " ind2=" ">
    <subfield code="2">ddc</subfield>
    <subfield code="c">BK</subfield>
  </datafield>
  <datafield tag="999" ind1=" " ind2=" ">
    <subfield code="c">216713</subfield>
    <subfield code="d">216713</subfield>
  </datafield>
  <datafield tag="952" ind1=" " ind2=" ">
    <subfield code="0">0</subfield>
    <subfield code="1">0</subfield>
    <subfield code="2">ddc</subfield>
    <subfield code="4">0</subfield>
    <subfield code="7">0</subfield>
    <subfield code="8">ENG</subfield>
    <subfield code="a">AL</subfield>
    <subfield code="b">AL</subfield>
    <subfield code="d">2021-10-12</subfield>
    <subfield code="e">NavaKarnataka Publications Pvt.Ltd.</subfield>
    <subfield code="g">479.20</subfield>
    <subfield code="l">2</subfield>
    <subfield code="o">813.6 THOB</subfield>
    <subfield code="p">075008</subfield>
    <subfield code="r">2026-02-02 11:46:09</subfield>
    <subfield code="s">2026-01-23</subfield>
    <subfield code="v">599.00</subfield>
    <subfield code="w">2021-10-26</subfield>
    <subfield code="y">BK</subfield>
  </datafield>
</record>
